000 00832nam a2200193 a 4500
003 0
005 20250618125303.0
008 021125s19uu xx 00 eng d
050 _aPHS LB 3013
_b.Es83 2000
100 _aEscalante, Jennifer Louise O.
245 _aPerceptions of students from selected Metro Manila high schools, school year 1999-2000, on the enforcement of their school discipline policy /
_cJennifer Louise O. Escalante.
260 _aLas PiƱas City, Philippines :
_bSouthville International School and Colleges,
_c2000.
300 _avarious pagination :
_billustrations ;
_c28 cm.
504 _aIncludes bibliographical references.
650 _aSchool discipline
_zPhilippines.
650 _aEducational surveys
_zPhilippines.
650 _aSchool management and organization
_zPhilippines.
942 _2lcc
_cPASS
999 _c96366
_d96366